| 000 | 00533nam a2200205Ia 4500 | ||
|---|---|---|---|
| 003 | GCL | ||
| 008 | 140319s9999 xx 000 0 eng d | ||
| 020 | _a1904705170 | ||
| 040 |
_aGCL / _cGCL |
||
| 082 | 0 | 4 |
_a006.69 _bM W |
| 100 | 1 | _aMARTIN, KEITH | |
| 245 | 1 | 0 |
_aWEB COLOUR : _bSTART HERE ! / _cMARTIN, KEITH |
| 260 |
_aانجلترا : _bI L E X ، _c2004 |
||
| 300 |
_a24 CM ؛ _c192 P |
||
| 650 | 0 | 4 | _aCOMPUTER SOFTWARE |
| 650 | 0 | 4 | _aCOMPUTER PROGRM |
| 650 | 0 | 4 | _aMICROSOFT |
| 650 | 0 | 4 | _aCOMPUTER NETWORKS |
| 942 |
_2ddc _cBK |
||
| 999 |
_c7428 _d7428 |
||